000 00302nam a22001337a 4500
082 _a894.812.3
_bKAV/A
100 _aKAVILPAD,ABV
245 _aARABIAN HASYAKATHAKAL
250 _aFIRST
260 _aTHRISSUR
_bH&C PUBLISHING HOUSE
_c1999
300 _a64
650 _aSHORT STORY
_zKERALA
942 _cBK
999 _c1372
_d1372